000 00807cam a2200277 i 4500
001 2233467
003 OSt
005 20220118093152.0
008 760420s1977 enka b 001 0 eng
010 _a 76013501
020 _a0471326763
040 _aDLC
_cHU
_dDLC
050 0 0 _aQK882
_b.G83 1977
082 0 0 _a581.1/3342
_219
100 1 _aGregory, R. P. F.
_928301
245 1 0 _aBiochemistry of photosynthesis /
_cR. P. F. Gregory.
250 _a2d ed.
260 _aLondon ;
_aNew York :
_bWiley,
_cc1977.
300 _axiv, 221 p. :
_bill. ;
_c24 cm.
500 _a"A Wiley-Interscience publication."
500 _aIncludes indexes.
504 _aBibliography: p. 200-208.
650 0 _aPhotosynthesis.
_911930
906 _a7
_bcbc
_corignew
_d1
_eocip
_f19
_gy-gencatlg
942 _2ddc
_cBOOKS
_n0
999 _c27453
_d27453